Normal view
MARC view
- Chi Ho, Grace Ching.
Entry Personal Name
001 - CONTROL NUMBER
- control field: 49868
003 - CONTROL NUMBER IDENTIFIER
- control field: OSt
005 - DATE AND TIME OF LATEST TRANSACTION
- control field: 20231025093150.0
008 - FIXED-LENGTH DATA ELEMENTS
- fixed length control field: 231025|| aca||aabn | a|a d
040 ## - CATALOGING SOURCE
- Original cataloging agency: OSt
- Transcribing agency: OSt
100 ## - HEADING--PERSONAL NAME
- Personal name: Chi Ho, Grace Ching.
- Relator term: author.
670 ## - SOURCE DATA FOUND
- Source citation: Work cat.: (OSt): Bai, Feng. author. 49866, Does virtue lead to status? : , March 2020.
